000 00891nam a22002295i 4500
001 155239
003 ES-MaACL
005 20250718145019.0
008 040719s1847 sp |||| | spa d
080 _a336.275.3(460)
080 _a336.273.3(460)
080 _a35(460).056
100 1 _aHenderson, James.
_9127849
245 1 0 _aRepresentación a las Cortes de España relativa a la deuda estrangera [sic] /
_cpor Jaime Henderson.
260 _aMadrid :
_b[s.n.],
_c1847 (
_fEstab. Tip. Pasadizo de S. Ginés, n. 3)
300 _a20 p. ;
_c19 cm.
650 4 _aTítulos de deuda pública-
_zEspaña.
_9155833
650 4 _aPréstamos internacionales-
_zEspaña.
_9155834
650 7 _aResponsabilidad patrimonial de la administración
_2embne
_9136827
852 4 _aES-MaACL
_jT-18-F-10
_z- Enc. hol., falto de cub. original
_z- Enc. en un vol. facticio
999 _c155239
_d155239